Physical foundations of cosmology / (Record no. 29834)

000 -LEADER
fixed length control field 00577 a2200169 4500
020 ## - INTERNATIONAL STANDARD BOOK NUMBER
International Standard Book Number 0521563984
020 ## - INTERNATIONAL STANDARD BOOK NUMBER
International Standard Book Number 9780521563987
082 04 - DEWEY DECIMAL CLASSIFICATION NUMBER
Classification number 523.1
090 ## - LOCALLY ASSIGNED LC-TYPE CALL NUMBER (OCLC); LOCAL CALL NUMBER (RLIN)
-- 1221
-- 1221
100 1# - MAIN ENTRY--PERSONAL NAME
Personal name Mukhanov, Viatcheslav.
245 10 - TITLE STATEMENT
Title Physical foundations of cosmology /
Statement of responsibility, etc. Viatcheslav Mukhanov.
260 ## - PUBLICATION, DISTRIBUTION, ETC.
Place of publication, distribution, etc. [S.l.] :
Name of publisher, distributor, etc. Cambridge University Press,
Date of publication, distribution, etc. 2005.
300 ## - PHYSICAL DESCRIPTION
Extent 421 p. ;
Dimensions 26 cm.
700 ## - ADDED ENTRY--PERSONAL NAME
Personal name Mukhanov, Viatcheslav.
942 ## - ADDED ENTRY ELEMENTS (KOHA)
Institution code [OBSOLETE] SNS
Koha item type Book
Call number prefix 523.1 MUK
Holdings
Withdrawn status Lost status Source of classification or shelving scheme Damaged status Not for loan Permanent Location Current Location Shelving location Date acquired Full call number Barcode Date last seen Price effective from Koha item type
        Not For Loan School of Natural Sciences (SNS) School of Natural Sciences (SNS) Reference 05/26/2016 523.1 MUK SNS0001288 05/26/2016 05/26/2016 Book
© 2023 Central Library, National University of Sciences and Technology. All Rights Reserved.